000 00337nam a2200133 i 4500
001 bg
100 1 _aKOTARBIŃSKI, A.
245 0 _aO ideowości i ideologii w architekturze i urbanistyce /
_cA. Kotarbiński.
260 _aWarszawa,
_c1985.
040 _cBPK
041 _apol
942 _cKS
008 s pl f |000 0 pol
999 _c1288
_d1288
856 _uhttp://koha.tu.koszalin.pl/cgi-bin/koha/opac-detail.pl?biblionumber=1288
_yKatalog online BPK